Sequence versus structure for the direct detection of 16S rRNA on planar oligonucleotide microarrays /
Αποθηκεύτηκε σε:
| Άλλοι συγγραφείς: | , , , |
|---|---|
| Μορφή: | Άρθρο |
| Γλώσσα: | English |
| Θέματα: | |
| Ετικέτες: |
Προσθήκη ετικέτας
Δεν υπάρχουν, Καταχωρήστε ετικέτα πρώτοι!
|
| Thư viện lưu trữ: | Thư viện Trường Đại học Đà Lạt |
|---|
| LEADER | 00957nam a2200313 4500 | ||
|---|---|---|---|
| 001 | DLU090092339 | ||
| 005 | ##20091201 | ||
| 040 | # | # | |a DLU |b eng |
| 041 | # | # | |a eng |
| 044 | # | # | |a us |
| 245 | # | # | |a Sequence versus structure for the direct detection of 16S rRNA on planar oligonucleotide microarrays / |c Darrell P. Chandler ... [et al.]. |
| 653 | # | # | |a Chaperone |
| 653 | # | # | |a Detection |
| 653 | # | # | |a Hybridization |
| 653 | # | # | |a Microarrays |
| 700 | # | # | |a Chandler, Darrell P. |
| 700 | # | # | |a Daly, Don S. |
| 700 | # | # | |a Newton, Gregory J. |
| 700 | # | # | |a Small, Jonathan A. |
| 773 | # | # | |t Applied and Environmental Microbiology |g Vol. 69, no. 5 (May 2003), p. 2950-2958 |
| 920 | # | # | |a Phòng Tạp chí -- Trung tâm Thông tin - Thư viện Trường Đại học Đà Lạt |
| 994 | # | # | |a DLU |
| 900 | # | # | |a True |
| 911 | # | # | |a Trương Bảo Trâm Anh |
| 925 | # | # | |a G |
| 926 | # | # | |a A |
| 927 | # | # | |a BB |
| 980 | # | # | |a Thư viện Trường Đại học Đà Lạt |